1897 1237 1944 1349 1802 1016 1628 1816 1794 1521 1697 1617 1189 1391 1889 1398 1796 1675 1512 1180 1709 1891 1324 1552 1530 1465 1592 1437 1658 1356 1917 1332 1390 1451 1031 1216 1829 1077 1814 1272 1702 1569 1819 1075 1835 1023 1185 1463 1364 1478 1547 1136 1802 1528 1843 1959 1537 1839 1534 1832 1345 1120 1212 1106 1498 1972 1279 1419 1321 1696 1748 1708 1182 1640 1460 1085 1327 1335 1790 1114 1025 1331 1193 1385 1699 1677 1736 1730 1931 1635 1841 1195 1927 1708 1972 1002 1909 1301 1085 BCNSPRNW ULIB Ver.6.0+V

เปลี่ยนเป็นภาษาไทย

Change to English
 แสดงรายละเอียดบรรณานุกรม
  กลับหน้าหลัก

Brief Record : Get Marc (ISO 2709) : E-mail record : QR code < ปิดหน้าต่าง
LEADER : 00000nam 2200000uu 4500
001    13399121076
003     ULIB
008    121102s2553||||th 000 0 tha d
020    ^a9789743577130
060 04 ^aWY152^bล461ก
100 0  ^aลิวรรณ อุนนาภิรักษ์
245 10 ^aการพยาบาลผู้สูงอายุ :^bปัญหาระบบประสาทและอื่น ๆ /^cลิวรรณอุนนาภิรักษ์
250    ^aพิมพ์ครั้งที่ 3
260    ^aกรุงเทพฯ :^bภาควิชาการพยาบาลรากฐาน คณะพยาบาลศาสตร์มหาวิทยาลัยมหิดล,^c2553
300    ^a190 หน้า :^bภาพประกอบ ;^c26 ซม.
536    ^aได้รับการสนับสนุนให้ยืมเงินเพื่อพิมพ์ตำราจากมหาวิทยาลัยมหิดล
650  7 ^aการพยาบาลผู้สูงอายุ
650  7 ^aประสาท, โรคระบบ^xการพยาบาล
650  7 ^aผู้สูงอายุ
710 2  ^aมหาวิทยาลัยมหิดล. ^bคณะพยาบาลศาสตร์.^bภาควิชาการพยาบาลรากฐาน
945    ^p0^l0^i032911
945    ^p0^l0^i032912
945    ^p0^l0^i032913
995    ^a เกษร
999 ^a ใช้งานได้ทุกระบบ
รายการนี้ยังไม่มีแท็ก
คุณยังไม่ได้ล็อกอิน คุณสามารถมีกิจกรรมร่วมกับเว็บไซต์ได้ แต่ต้องล็อกอินก่อน ::
  ล็อกอิน

รายการสื่อสารสนเทศ

ลำดับที่ ประเภท เลขเรียก/บาร์โค้ด สถานที่ สถานะ
1. วิทยาศาสตร์การแพทย์ และสุขภาพ
วิทยาศาสตร์การแพทย์ และสุขภาพ
สถานะ=หนังสือเก่า
WY152 ล461ก ฉ.1 
  Barcode: 032911
ห้องสมุดวิทยาเขตสวรรค์ประชารักษ์
►ส่วนจัดเก็บหนังสือเก่า สปร
บนชั้น
  ขอยืม
2. วิทยาศาสตร์การแพทย์ และสุขภาพ
วิทยาศาสตร์การแพทย์ และสุขภาพ
สถานะ=หนังสือเก่า
WY152 ล461ก ฉ.2 
  Barcode: 032912
ห้องสมุดวิทยาเขตสวรรค์ประชารักษ์
►ส่วนจัดเก็บหนังสือเก่า สปร
บนชั้น
  ขอยืม
3. วิทยาศาสตร์การแพทย์ และสุขภาพ
วิทยาศาสตร์การแพทย์ และสุขภาพ
สถานะ=หนังสือเก่า
WY152 ล461ก ฉ.3 
  Barcode: 032913
ห้องสมุดวิทยาเขตสวรรค์ประชารักษ์
►ส่วนจัดเก็บหนังสือเก่า สปร
บนชั้น
  ขอยืม

รายการใกล้เคียง
    ผู้แต่ง [ลิวรรณ อุนนาภิรักษ์]

    หัวเรื่อง [การพยาบาลผู้สูงอายุ]
    หัวเรื่อง [ผู้สูงอายุ]

BibComment


ยังไม่เคยถูกคอมเมนท์

คอมเมนท์ทรัพยากรรายการนี้
  คอมเมนท์: การพยาบาลผู้สูงอ..


 Copyright 2026. Bcnsprnw @Library